=LDR 00000nam 2200000 4500 =001 INLIS000000000024327 =990 ##$$a 2033986xx =005 20130612122924 =990 ##$$a 2033985 =008 ***********************************Ind** =035 ##$$0010-061300000024327 =041 ##$$a Ind =082 ##$$a 2X5.1 =090 ##$$a 2X5.1, Mah s =100 ##$$a Mahali, ahmad Mujjab =245 ##$$a Selamtkan keluargamu dari neraka, Ahmad mudjhab mahali =260 ##$$a 2003 $b Yogyakarta =300 ##$$a 265 hlm, 19 cm =650 ##$$a Ahlaq =850 ##$$a NBPNMAT